00813cam a2200193 i 45000010009000000050017000090080041000260200021000670410008000880800016000962450144001122640050002563000054003066530029003606530072003897000057004617000049005187000052005671697431220221107152214.0110923s2011 paua f b 001 0 eng  a9781416047056 X aeng a611.81 G-7700aGray's clinical neuroanatomy :bthe anatomic basis for clinical neuroscience /ceditor, Elliott Mancall, Thomas Jefferson David G. Brock,  1aPhiladelphia, PA :bElsevier Saunders,c2011. a433 pages :billustrations (some color) ;c32 cm. aმედიცინა aადამიანის ნეიროანატომია1 aMancall, Elliott L.,d eრედაქტორი1 aBrock, David G.eრედაქტორი1 aGray, Henry,d t eრედაქტორი